| 000 | 00747nam a22002177a 4500 | ||
|---|---|---|---|
| 999 |
_c187029 _d187029 |
||
| 005 | 20220328123206.0 | ||
| 010 | _aENG-132135 | ||
| 020 |
_a9789391420284 _c119.00 |
||
| 035 | _aEN-115667 | ||
| 037 | _bDBAD/PUB | ||
| 082 | _a621.47 | ||
| 100 | _aN. Pavan Kumar | ||
| 245 |
_aSolar Energy : _bSkill Development Course/ _cN. Pavan Kumar...[et al.] |
||
| 260 |
_aHyderabad _bSpectrum Publications _c2021 |
||
| 270 |
_a#326/C, III Floor , Surneni Nilayam Near B K Guda Park, S R Nayar _bHyderabad _e500038 _k91-4023710657 _mstudentshelpline.in@gmail.com |
||
| 300 |
_aviii,126p. _c24cm(pbk) |
||
| 700 | _aV. Hema Kumar | ||
| 700 | _aVali, Sk. Khadar | ||
| 700 | _aReddy, P. Bala Subramanyam | ||
| 942 |
_2ddc _cEN _mSOL _h621.47 |
||